| 000 | 00320cam a22001217a 4500 | ||
|---|---|---|---|
| 008 | 180718b2000 xxu||||| |||| 00| 0 eng d | ||
| 082 | _aA3x54 N51 | ||
| 100 | _aNemisarai, Mohandas | ||
| 245 |
_aApne apne pinjre _cby Mohandas Nemisarai |
||
| 260 |
_aNew Delhi _bVani Prakashan _c2000 |
||
| 300 | _a160p. | ||
| 650 | _aPinjre | ||
| 999 |
_c439014 _d439014 |
||